| 000 | 00440nam a2200181Ia 4500 | ||
|---|---|---|---|
| 001 | 14644 | ||
| 003 | IN-NITTTR | ||
| 005 | 20251114233138.0 | ||
| 008 | 251113s9999||||xx |||||||||||||| ||eng|| | ||
| 040 | _beng | ||
| 040 | _cIN-NITTTR | ||
| 041 | _aeng | ||
| 082 | _a004.16 A86M | ||
| 100 | _aLewis, Anthony | ||
| 245 | 0 |
_aMicrocomputers and school biology / _cLewis, Anthony, Lewis, Helen |
|
| 700 | _a Lewis, Helen | ||
| 942 |
_2ddc _cBK |
||
| 999 |
_c17280 _d17280 |
||